| 000 | 00728nam a2200205 u 4500 | ||
|---|---|---|---|
| 001 | 000612131 | ||
| 003 | AM-YeHGA | ||
| 005 | 20250617135652.0 | ||
| 008 | 081113s ii r 000 0 rus d | ||
| 040 | _aAM-YeHGA | ||
| 041 | 0 | _arus | |
| 245 | 0 | 0 |
_aВистара : _bАрхитектура Индии : Каталог выставки / _cПод. ред. Кармена Кагала. |
| 260 |
_aБомбей : _bТата пресс Лимитед, _cБ.г. |
||
| 300 |
_a240 с. : _bил. |
||
| 500 | _aФестиваль Индии в СССР | ||
| 650 | 1 | 4 |
_aАрхитектура _zИндия |
| 651 | 4 |
_aИндия _xАрхитектура |
|
| 700 | 1 |
_aКагала, Кармена _eред. _4edt |
|
| 090 | _c206565 | ||
| 999 |
_c205069 _d205069 |
||